Numbers 0-9 Spelled TWICE in 15 Seconds - Statistics

General Stats
  • This quiz has been taken 28 times
  • The average score is 14 of 20
Answer Stats
Hint Answer % Correct
5 Five
100%
4 Four
100%
1 One
100%
6 Six
100%
3 Three
100%
2 Two
100%
0 Zero
100%
8 Eight
86%
9 Nine
86%
7 Seven
86%
0 Zero
86%
1 One
71%
2 Two
71%
5 Five
43%
4 Four
43%
6 Six
43%
3 Three
43%
8 Eight
29%
9 Nine
29%
7 Seven
29%
No matching quizzes found
Score Distribution
Percent of People with Each Score
Percentile by Number Answered
Your Score History
You have not taken this quiz